000 00356pab a2200145 454500
008 180718b1987 xxu||||| |||| 00| 0 eng d
100 _aChattopadhyay, P.
245 _aMunicipal Finance Corporation
260 _c1987
300 _a21-4
362 _a17 Oct.
650 _aMunicipal Finance - India - West Bengal
773 _aCommerce
909 _a13874
999 _c13874
_d13874